Introduction to the theory of formal groups

Saved in:
Bibliographic Details
Main Author: Dieudonne, Jean Alexandre 1906-
Format: Book
Language:English
Published: New York : M. Dekker, 1973
Series:Monographs and textbooks in pure and applied mathematics ; ; 20
Subjects:
Tags: Add Tag
No Tags, Be the first to tag this record!

MARC

LEADER 00000nam a2200000 i 4500
001 1/51893
008 941103s1973 eng d
020 |a 0824760115 
035 |l 10044269 
035 |a 1993 
040 |a GR-MY-UA  |b gre  |e aacr 
041 0 |a eng 
082 0 |a 512.55 
100 1 |a Dieudonne, Jean Alexandre  |d 1906- 
245 1 0 |a Introduction to the theory of formal groups /  |c J. Dieudonne 
260 |a New York :   |b M. Dekker,   |c 1973 
300 |a xii, 265 p;  |b illus;  |c 24 cm 
490 1 |a Monographs and textbooks in pure and applied mathematics  |v ; 20 
504 |a Includes bibliography and index 
650 0 0 |a Lie groups. 
830 0 |a Monographs and textbooks in pure and applied mathematics ;  |v ; 20 
852 |a INST  |b SAMOS  |e 19941103  |h 512.55 DIE  |p 005300007869  |q 005300007869  |t BK  |y 0 
909 |a Σ  |b 030273